00875cam a22002291 4500001001300000003000400013005001700017008004100034010001700075035001900092040004100111042001200152050002200164110004900186245012700235260007000362300004500432500006400477650004800541700003900589999001700628e 30000151 DLC20260227111220.0790917s1929 nyua 000 0 eng c ae 30000151  a(OCoLC)5379247 aU.S. Off. of educ. LibrarycOCldDLC apremarc00aLA339.N5bA3 19291 aNew York (N.Y.).bSuperintendent of Schools.00aProgress of the public schools, May 1, 1924-July 31, 1929,cby Dr. William J. O'Shea, superintendent of schools. New York. a[New York city,bPrinted at the Herald-Nathan press, inc.,c1929] axix, 168 p. incl. front., illus.c23 cm. aAt head of title: Board of education. The city of New York. 0aPublic schoolszNew York (State)zNew York.1 aO'Shea, William James,d1864-1939. c21028d21028